000
00274cam a22000977a 4500
008
180718b1957 xxu||||| |||| 00| 0 eng d
082
_a
I53 S
245
_a
The Kerala government secretariat instructions
260
_a
Trivandrum
_b
Government Central Press
_c
1957
300
_a
41+p
999
_c
491472
_d
491472